[Event "BCF-chT2 2324 (4NCL)"]
[Site "England"]
[Date "2024.02.11"]
[Round "6.54"]
[White "Gallagher, Daniel GH"]
[Black "Cox, John J"]
[Result "1-0"]
[WhiteElo "2214"]
[BlackElo "2263"]
[PlyCount "93"]
[EventDate "2023.11.11"]
[EventType "team-tourn"]
[EventRounds "11"]
[EventCountry "ENG"]
[SourceTitle "CB11_2024"]
[SourceDate "2024.03.13"]
[SourceVersion "1"]
[SourceVersionDate "2024.03.13"]
[SourceQuality "1"]
[WhiteTeam "Cambridge University"]
[BlackTeam "Barbican"]
[WhiteTeamCountry "ENG"]
[BlackTeamCountry "ENG"]

1. e4 Nf6 2. Nc3 e5 3. d4 exd4 4. Qxd4 Nc6 5. Qd3 Bb4 6. Bd2 0-0 7. 0-0-0 Re8 8. f3 d6 9. g4 Be6 10. a3 Ba5 11. g5 Ne5 12. Qe2 Nh5 13. Qg2 Nc4 14. Bxc4 Bxc4 15. Nge2 Bxe2 16. Nxe2 Bxd2+ 17. Rxd2 Qe7 18. Kb1 Rad8 19. Qg4 g6 20. Ng3 Ng7 21. f4 f5 22. exf5 Nxf5 23. Nxf5 gxf5 24. Qxf5 Qe4 25. Qxe4 Rxe4 26. Rf2 Rf8 27. f5 Rg4 28. h4 Re8 29. Rh3 Ree4 30. Rb3 b6 31. Rc3 Rc4 32. Rxc4 Rxc4 33. Re2 Rxh4 34. f6 Rc4 35. Re8+ Kf7 36. Re7+ Kg8 37. Re8+ Kf7 38. Re7+ Kg8 39. Rg7+ Kh8 40. Rd7 Kg8 41. Rg7+ Kh8 42. c3 a5 43. Kc2 a4 44. Kd3 Rg4 45. Ke3 Rg2 46. Kf4 h6 47. Kf5 1-0

[Event "BCF-chT2 2324 (4NCL)"]
[Site "England"]
[Date "2023.11.11"]
[Round "2.24"]
[White "Cox, John J"]
[Black "Jones, Steven"]
[Result "1-0"]
[WhiteElo "2297"]
[BlackElo "2266"]
[PlyCount "75"]
[EventDate "2023.11.11"]
[EventType "team-tourn"]
[EventRounds "11"]
[EventCountry "ENG"]
[SourceTitle "CB46_2023"]
[SourceDate "2023.11.15"]
[SourceVersion "1"]
[SourceVersionDate "2023.11.15"]
[SourceQuality "1"]
[WhiteTeam "Barbican"]
[BlackTeam "The Audible Checks"]
[WhiteTeamCountry "ENG"]
[BlackTeamCountry "ENG"]

1. c4 Nf6 2. Nf3 g6 3. Nc3 d5 4. cxd5 Nxd5 5. h4 Bg7 6. e4 Nxc3 7. dxc3 Qxd1+ 8. Kxd1 Nd7 9. h5 0-0 10. h6 Bh8 11. Bf4 Nc5 12. Nd2 f5 13. Kc2 e5 14. Be3 Ne6 15. f3 Bf6 16. exf5 gxf5 17. Bd3 Bd7 18. Rh5 f4 19. Bf2 Be8 20. Rhh1 Bg6 21. Ne4 Ng5 22. Rae1 Nxe4 23. Bxe4 Rae8 24. a4 a6 25. a5 Re6 26. Kb3 Bxe4 27. Rxe4 Kf7 28. Rc4 c6 29. Rb4 Rg8 30. Rxb7+ Re7 31. Rxe7+ Bxe7 32. Rh2 Rb8+ 33. Kc2 Kg6 34. Bb6 Kf5 35. Kd3 Rb7 36. Kc4 Rd7 37. b4 Rd2 38. g4+ 1-0

[Event "BCF-chT2 2223 (4NCL)"]
[Site "England"]
[Date "2023.02.11"]
[Round "5.35"]
[White "Cox, John J"]
[Black "Jones, Christopher M"]
[Result "1/2-1/2"]
[WhiteElo "2303"]
[BlackElo "2117"]
[PlyCount "104"]
[EventDate "2022.10.22"]
[EventType "team-tourn"]
[EventRounds "11"]
[EventCountry "ENG"]
[SourceTitle "EXT 2024"]
[Source "ChessBase"]
[SourceDate "2023.10.10"]
[SourceVersion "1"]
[SourceVersionDate "2023.10.10"]
[SourceQuality "1"]
[WhiteTeam "Barbican"]
[BlackTeam "The Rookies"]
[WhiteTeamCountry "ENG"]
[BlackTeamCountry "ENG"]

1. c4 e5 2. d3 Nc6 3. Nc3 f5 4. g3 Nf6 5. Bg2 Be7 6. e4 d6 7. Nge2 0-0 8. 0-0 Qe8 9. Nd5 Bd8 10. f3 Ne7 11. Nxf6+ Rxf6 12. Bg5 Rg6 13. Qd2 Nc6 14. Be3 Rf6 15. Rae1 Qh5 16. exf5 Qxf5 17. d4 Qh5 18. g4 Qe8 19. h3 Rf8 20. d5 Ne7 21. f4 Ng6 22. f5 Nh8 23. Ng3 Bh4 24. Bf2 Bxg3 25. Bxg3 Qd8 26. Be4 Nf7 27. f6 gxf6 28. Bh4 Ng5 29. Bxg5 fxg5 30. Rxf8+ Kxf8 31. Bxh7 Kg7 32. Qd3 Qe8 33. Rf1 Bd7 34. Bf5 Bxf5 35. Rxf5 Qe7 36. Qe3 Kg6 37. Qe4 Kg7 38. Qe3 Kg6 39. h4 gxh4 40. Rh5 Rg8 41. Qf3 Qd7 42. Qe4+ Kf6 43. Rh6+ Kg5 44. Rh5+ Kf6 45. Rh6+ Kg5 46. Qe3+ Kxg4 47. Kh2 Qf5 48. Qg1+ Kf3 49. Qf1+ Ke4 50. Qb1+ Kf4 51. Qf1+ Ke4 52. Qb1+ Kf4 1/2-1/2

[Event "BCF-chT 2122 (4NCL)"]
[Site "England"]
[Date "2022.02.13"]
[Round "4.23"]
[White "Hebden, Mark"]
[Black "Cox, John J"]
[Result "1-0"]
[WhiteElo "2455"]
[BlackElo "2319"]
[PlyCount "59"]
[EventDate "2021.11.27"]
[EventType "team-swiss"]
[EventRounds "11"]
[EventCountry "ENG"]
[SourceTitle "EXT 2023"]
[Source "ChessBase"]
[SourceDate "2022.10.05"]
[SourceVersion "1"]
[SourceVersionDate "2022.10.05"]
[SourceQuality "1"]
[WhiteTeam "Guildford Young Guns"]
[BlackTeam "Barbican"]
[WhiteTeamCountry "ENG"]
[BlackTeamCountry "ENG"]

1. d4 Nf6 2. Nf3 e6 3. Bg5 d5 4. c4 h6 5. Bxf6 Qxf6 6. Nc3 c6 7. e3 g6 8. Be2 Bg7 9. 0-0 0-0 10. Qc2 Nd7 11. Rad1 Qe7 12. Rfe1 dxc4 13. Bxc4 Nb6 14. Bb3 Nd5 15. Na4 Rd8 16. a3 Bd7 17. e4 Nb6 18. Nc5 Be8 19. Ba2 Rab8 20. b4 Nd7 21. d5 Nxc5 22. bxc5 cxd5 23. exd5 Rbc8 24. Rc1 e5 25. d6 Qf6 26. Rxe5 Bc6 27. Re7 Rf8 28. Ne5 Qg5 29. Nxc6 Rxc6 30. h4 1-0

[Event "BCF-chT 2122 (4NCL)"]
[Site "England"]
[Date "2021.11.27"]
[Round "1.95"]
[White "Birtwistle, Nigel"]
[Black "Cox, John J"]
[Result "0-1"]
[WhiteElo "2110"]
[BlackElo "2319"]
[PlyCount "56"]
[EventDate "2021.11.27"]
[EventType "team-swiss"]
[EventRounds "11"]
[EventCountry "ENG"]
[SourceTitle "EXT 2023"]
[Source "ChessBase"]
[SourceDate "2022.10.05"]
[SourceVersion "1"]
[SourceVersionDate "2022.10.05"]
[SourceQuality "1"]
[WhiteTeam "The Sharks II"]
[BlackTeam "Barbican"]
[WhiteTeamCountry "ENG"]
[BlackTeamCountry "ENG"]

1. Nf3 f5 2. d3 Nc6 3. g3 Nf6 4. Bg2 e5 5. 0-0 d6 6. c4 Be7 7. Nc3 0-0 8. Rb1 Qe8 9. b4 Qh5 10. b5 Nd8 11. Nd5 Nxd5 12. cxd5 Nf7 13. Qc2 Bd8 14. Nd2 Nh6 15. h3 Rf6 16. f4 exf4 17. Rxf4 Qxe2 18. Bb2 Qe3+ 19. Kh2 Ng4+ 20. Rxg4 fxg4 21. Bxf6 Bxf6 22. h4 Bf5 23. Ne4 Bxe4 24. Bxe4 Be5 25. Rg1 Rf8 26. Qxc7 Qf2+ 27. Rg2 Bxg3+ 28. Kh1 Qf1+ 0-1

[Event "Shropshire op"]
[Site "Telford"]
[Date "2020.01.04"]
[Round "3"]
[White "Stepanyan, Henrik"]
[Black "Cox, John J"]
[Result "1/2-1/2"]
[WhiteElo "2193"]
[BlackElo "2308"]
[PlyCount "116"]
[EventDate "2020.01.03"]
[EventType "swiss"]
[EventRounds "5"]
[EventCountry "ENG"]
[SourceTitle "CBM 194 Extra"]
[Source "ChessBase"]
[SourceDate "2020.03.31"]
[SourceVersion "1"]
[SourceVersionDate "2020.03.31"]
[SourceQuality "1"]

1. d4 f5 2. e4 fxe4 3. Nc3 Nf6 4. Bg5 Nc6 5. d5 Ne5 6. Qd4 Nf7 7. h4 c6 8. 0-0-0 Qb6 9. Bxf6 gxf6 10. Qxe4 d6 11. g4 Bd7 12. Bh3 Ne5 13. g5 Qxf2 14. Bxd7+ Kxd7 15. Nh3 Qf3 16. Qb4 Qe3+ 17. Kb1 Qb6 18. Qe4 Re8 19. Nf4 Kc8 20. Rh3 Kb8 21. dxc6 Qxc6 22. Ncd5 e6 23. Nxf6 Qxe4 24. Nxe4 Ng6 25. Ng2 h6 26. gxh6 Rxh6 27. Nf6 Rd8 28. h5 Nf4 29. Nxf4 Rxf6 30. Nd3 Bh6 31. a3 Rg8 32. c4 Rg4 33. c5 d5 34. Ne5 Rg7 35. Rdd3 Rf5 36. Ng6 Rgf7 37. Nh8 Rf1+ 38. Ka2 Rf8 39. Ng6 R8f5 40. Ne7 Rf7 41. Ng8 Rh7 42. Rdg3 d4 43. Rg6 Be3 44. Rxe6 Rf8 45. Nf6 Rhf7 46. Ng4 Rf3 47. Rxf3 Rxf3 48. h6 Rh3 49. Nxe3 dxe3 50. Kb1 e2 51. Rxe2 Rxh6 52. Re7 Rh5 53. b4 Rh2 54. Rf7 a6 55. Rg7 Rf2 56. Rh7 Rg2 57. Rf7 Rh2 58. Re7 Rg2 1/2-1/2

[Event "London Chess Classic: Blitz B"]
[Site "London"]
[Date "2019.12.08"]
[Round "7"]
[White "Cox, John J"]
[Black "Aravindh, Chithambaram VR"]
[Result "1/2-1/2"]
[WhiteElo "2346"]
[BlackElo "2560"]
[PlyCount "111"]
[EventDate "2019.12.08"]
[EventType "swiss (blitz)"]
[EventRounds "11"]
[EventCountry "ENG"]
[SourceTitle "EXT 2021"]
[Source "ChessBase"]
[SourceDate "2020.10.23"]
[SourceVersion "1"]
[SourceVersionDate "2020.10.23"]
[SourceQuality "1"]

1. c4 c5 2. g3 g6 3. Bg2 Bg7 4. Nc3 Nc6 5. d3 e6 6. Bxc6 dxc6 7. f4 h5 8. Nf3 h4 9. Nxh4 Ne7 10. Be3 b6 11. Qd2 e5 12. fxe5 Bxe5 13. Nf3 Bg7 14. 0-0-0 Be6 15. d4 cxd4 16. Bxd4 Bxd4 17. Qxd4 Qxd4 18. Rxd4 Nf5 19. Rg4 Nd6 20. Rf4 Nxc4 21. Ng5 Nd6 22. Nxe6 fxe6 23. Rf6 Ke7 24. Rxg6 Nf5 25. e4 Nd4 26. h4 Kf7 27. Rg5 Rag8 28. Rf1+ Ke7 29. Rxg8 Rxg8 30. Rg1 Nf3 31. Rf1 Rxg3 32. Ne2 Rh3 33. Nf4 Rg3 34. Ne2 Rg2 35. Nf4 Nh2 36. Nxg2 Nxf1 37. Kc2 Ng3 38. e5 Kf7 39. Nf4 Nf5 40. h5 Nd4+ 41. Kd3 Nf3 42. Ke4 Ng5+ 43. Kd4 Kg7 44. b4 Kh6 45. a3 Kg7 46. Ne2 Nf3+ 47. Ke4 Nd2+ 48. Kd4 Nf3+ 49. Ke4 Ng5+ 50. Kf4 Nf7 51. Nd4 Nd8 52. Kg5 Nf7+ 53. Kf4 Nd8 54. Kg5 Nf7+ 55. Kf4 Nd8 56. Kg5 1/2-1/2

[Event "London Chess Classic: Blitz B"]
[Site "London"]
[Date "2019.12.08"]
[Round "5"]
[White "Cox, John J"]
[Black "Beinoras, Mindaugas"]
[Result "0-1"]
[WhiteElo "2346"]
[BlackElo "2401"]
[PlyCount "63"]
[EventDate "2019.12.08"]
[EventType "swiss (blitz)"]
[EventRounds "11"]
[EventCountry "ENG"]
[SourceTitle "EXT 2021"]
[Source "ChessBase"]
[SourceDate "2020.10.23"]
[SourceVersion "1"]
[SourceVersionDate "2020.10.23"]
[SourceQuality "1"]

1. c4 c6 2. Nf3 d5 3. g3 dxc4 4. Bg2 Nf6 5. 0-0 Nbd7 6. a4 a5 7. Na3 Nb6 8. Qc2 Qd5 9. Ne1 Qd4 10. e3 Qg4 11. h3 Qf5 12. e4 Qe6 13. f4 g6 14. d3 cxd3 15. Nxd3 Bg7 16. Be3 Nbd7 17. Rad1 Nxe4 18. Rfe1 0-0 19. Nc5 Nexc5 20. Bxc5 Qf5 21. Qxf5 gxf5 22. Bxe7 Re8 23. Nc4 Bf6 24. Nd6 Rxe7 25. Rxe7 Bxe7 26. Nxc8 Bc5+ 27. Kh2 Nf6 28. Rd8+ Kg7 29. Bf1 Bb6 30. Nxb6 Rxd8 31. Bc4 Rd2+ 32. Kg1 0-1

[Event "London Chess Classic: Blitz B"]
[Site "London"]
[Date "2019.12.08"]
[Round "1"]
[White "Cox, John J"]
[Black "Onslow, Teddy"]
[Result "1-0"]
[WhiteElo "2346"]
[BlackElo "1647"]
[PlyCount "91"]
[EventDate "2019.12.08"]
[EventType "swiss (blitz)"]
[EventRounds "11"]
[EventCountry "ENG"]
[SourceTitle "EXT 2021"]
[Source "ChessBase"]
[SourceDate "2020.10.23"]
[SourceVersion "1"]
[SourceVersionDate "2020.10.23"]
[SourceQuality "1"]

1. c4 e6 2. Nf3 Nf6 3. g3 d5 4. Bg2 Be7 5. 0-0 0-0 6. b3 c5 7. e3 Nc6 8. Bb2 a6 9. Nc3 Bd7 10. cxd5 exd5 11. d4 cxd4 12. Nxd4 Nxd4 13. Qxd4 Bc6 14. Rfd1 Rc8 15. Nxd5 Bxd5 16. Bxd5 Qxd5 17. Qxd5 Nxd5 18. Rxd5 Rc2 19. Be5 f6 20. Bd4 b5 21. a4 b4 22. Rd7 Kf7 23. Ra7 Rc6 24. Rd1 Rd8 25. Kf1 Ke6 26. Ke2 Rc2+ 27. Rd2 Rc6 28. a5 Kf7 29. Bb6 Rxd2+ 30. Kxd2 Rc3 31. Bd4 Rxb3 32. Bc5 Rb2+ 33. Kd3 Rxf2 34. Bxb4 Rxh2 35. Rxe7+ Kg6 36. Re6 Rh3 37. Bd6 Rh2 38. Bf4 h6 39. Rxa6 Kf5 40. Ra7 g5 41. Bd6 Kg4 42. a6 h5 43. Rf7 h4 44. gxh4 Rxh4 45. a7 Rh8 46. Bb8 1-0

[Event "London Chess Classic: Blitz B"]
[Site "London"]
[Date "2019.12.08"]
[Round "2"]
[White "Rushbrooke, Remy"]
[Black "Cox, John J"]
[Result "1-0"]
[WhiteElo "1877"]
[BlackElo "2346"]
[PlyCount "45"]
[EventDate "2019.12.08"]
[EventType "swiss (blitz)"]
[EventRounds "11"]
[EventCountry "ENG"]
[SourceTitle "EXT 2021"]
[Source "ChessBase"]
[SourceDate "2020.10.23"]
[SourceVersion "1"]
[SourceVersionDate "2020.10.23"]
[SourceQuality "1"]

1. d4 f5 2. Nc3 d5 3. e4 dxe4 4. Bf4 Nf6 5. f3 e6 6. fxe4 fxe4 7. Bc4 Bb4 8. Nge2 0-0 9. 0-0 Nc6 10. Bg5 Kh8 11. Nxe4 Be7 12. Nxf6 Bxf6 13. Bxf6 Rxf6 14. Rxf6 Qxf6 15. Qd3 Bd7 16. Rf1 Qe7 17. Nf4 e5 18. Ng6+ hxg6 19. Qxg6 Qd6 20. Qf7 Na5 21. Bd3 Re8 22. dxe5 Qxe5 23. Qf8+ 1-0

[Event "London Classic op 11th"]
[Site "London"]
[Date "2019.12.06"]
[Round "9"]
[White "Cox, John J"]
[Black "Kirk, Ezra"]
[Result "0-1"]
[WhiteElo "2306"]
[BlackElo "2433"]
[PlyCount "86"]
[EventDate "2019.11.29"]
[EventType "swiss"]
[EventRounds "9"]
[EventCountry "ENG"]
[SourceTitle "CBM 193 Extra"]
[Source "ChessBase"]
[SourceDate "2020.01.31"]
[SourceVersion "1"]
[SourceVersionDate "2020.01.31"]
[SourceQuality "1"]

1. c4 e6 2. g3 d5 3. Nf3 Nf6 4. b3 d4 5. Bg2 c5 6. 0-0 Nc6 7. e3 Be7 8. exd4 cxd4 9. Re1 0-0 10. d3 Nd7 11. Ba3 Re8 12. Bxe7 Qxe7 13. Nbd2 Qf8 14. a3 a5 15. Qc2 e5 16. Qb2 Nc5 17. Bf1 Bf5 18. Qc2 h6 19. Rab1 Na6 20. Ra1 Bh7 21. Bg2 Nc5 22. Ne4 Bxe4 23. dxe4 Rad8 24. Rab1 d3 25. Qd2 Nd4 26. Nxd4 Rxd4 27. Qxa5 d2 28. Red1 Qd6 29. Rb2 Rd8 30. b4 Ne6 31. c5 Qe7 32. h4 g5 33. hxg5 Qxg5 34. Qb5 Rd3 35. Qc4 Qg4 36. Rbb1 Nd4 37. Qxd3 Ne2+ 38. Qxe2 Qxe2 39. b5 Qd3 40. Bf1 Qxa3 41. Bc4 Qxc5 42. Bd5 Rxd5 43. exd5 Qc2 0-1

[Event "London Classic op 11th"]
[Site "London"]
[Date "2019.12.03"]
[Round "6"]
[White "Sedykh, Mikhail"]
[Black "Cox, John J"]
[Result "1/2-1/2"]
[WhiteElo "2134"]
[BlackElo "2306"]
[PlyCount "86"]
[EventDate "2019.11.29"]
[EventType "swiss"]
[EventRounds "9"]
[EventCountry "ENG"]
[SourceTitle "CBM 193 Extra"]
[Source "ChessBase"]
[SourceDate "2020.01.31"]
[SourceVersion "1"]
[SourceVersionDate "2020.01.31"]
[SourceQuality "1"]

1. d4 Nf6 2. c4 c5 3. d5 e6 4. Nc3 exd5 5. cxd5 d6 6. e4 g6 7. f4 Bg7 8. Bb5+ Nfd7 9. a4 Qh4+ 10. g3 Qd8 11. Nf3 0-0 12. 0-0 a6 13. Bc4 Nb6 14. Be2 Bg4 15. a5 Nc8 16. Be3 Nd7 17. Ng5 Bxe2 18. Qxe2 h6 19. Nf3 f5 20. e5 dxe5 21. fxe5 Nxe5 22. Nxe5 Bxe5 23. Bxc5 Re8 24. Qd2 Qg5 25. Qxg5 hxg5 26. Rae1 Na7 27. Rf2 Bxc3 28. Rxe8+ Rxe8 29. bxc3 Nb5 30. c4 Nc3 31. Rc2 Ne4 32. Bb6 Nf6 33. Bd4 Kf7 34. Rb2 Re7 35. Bxf6 Kxf6 36. Rb6+ Ke5 37. Rxg6 g4 38. Kf2 Rc7 39. Re6+ Kd4 40. d6 Rd7 41. Re7 Rxd6 42. Rxb7 Kxc4 43. Rb6 Rd2+ 1/2-1/2

[Event "London Classic op 11th"]
[Site "London"]
[Date "2019.12.02"]
[Round "5"]
[White "Cox, John J"]
[Black "Moussard, Jules"]
[Result "0-1"]
[WhiteElo "2306"]
[BlackElo "2600"]
[PlyCount "64"]
[EventDate "2019.11.29"]
[EventType "swiss"]
[EventRounds "9"]
[EventCountry "ENG"]
[SourceTitle "CBM 193 Extra"]
[Source "ChessBase"]
[SourceDate "2020.01.31"]
[SourceVersion "1"]
[SourceVersionDate "2020.01.31"]
[SourceQuality "1"]

1. c4 f5 2. g3 Nf6 3. Bg2 e5 4. Nc3 Bb4 5. Qc2 Nc6 6. Nd5 Nxd5 7. cxd5 Ne7 8. Nh3 0-0 9. 0-0 d6 10. d4 Kh8 11. a3 Ba5 12. dxe5 dxe5 13. b4 Bb6 14. Bb2 Ng6 15. e3 f4 16. exf4 Bf5 17. Qd2 Qd7 18. Ng5 exf4 19. Qc3 Rae8 20. Ne6 Rf7 21. Rae1 fxg3 22. hxg3 Bxe6 23. dxe6 Rxe6 24. Bh3 Rxe1 25. Bxd7 Bxf2+ 26. Kg2 Rxf1 27. Be6 Rg1+ 28. Kh2 Rxg3 29. Qd2 Rf8 30. Bd4 Nh4 31. Bd5 Nf3+ 32. Bxf3 Rgxf3 0-1

[Event "London Classic op 11th"]
[Site "London"]
[Date "2019.11.30"]
[Round "2"]
[White "Seymour, Timothy P"]
[Black "Cox, John J"]
[Result "0-1"]
[WhiteElo "2107"]
[BlackElo "2306"]
[PlyCount "62"]
[EventDate "2019.11.29"]
[EventType "swiss"]
[EventRounds "9"]
[EventCountry "ENG"]
[SourceTitle "CBM 193 Extra"]
[Source "ChessBase"]
[SourceDate "2020.01.31"]
[SourceVersion "1"]
[SourceVersionDate "2020.01.31"]
[SourceQuality "1"]

1. c4 g6 2. d4 Bg7 3. Nf3 c5 4. d5 d6 5. e3 e6 6. Nc3 exd5 7. cxd5 Nf6 8. Be2 0-0 9. Nd2 Na6 10. 0-0 Nc7 11. e4 Rb8 12. a4 b6 13. Nc4 Ba6 14. Bg5 Qd7 15. f4 Bxc4 16. Bxc4 a6 17. e5 Nfe8 18. e6 fxe6 19. dxe6 Nxe6 20. Qb3 N8c7 21. Rae1 Rfe8 22. Nd5 b5 23. axb5 axb5 24. Nxc7 bxc4 25. Qxc4 Bd4+ 26. Kh1 Qxc7 27. Rxe6 Qf7 28. Rfe1 Rxe6 29. Rxe6 Rxb2 30. h4 Rb1+ 31. Kh2 Re1 0-1

[Event "London Classic op 11th"]
[Site "London"]
[Date "2019.11.29"]
[Round "1"]
[White "Cox, John J"]
[Black "Mata, Adilson"]
[Result "1-0"]
[WhiteElo "2306"]
[BlackElo "1928"]
[PlyCount "124"]
[EventDate "2019.11.29"]
[EventType "swiss"]
[EventRounds "9"]
[EventCountry "ENG"]
[SourceTitle "CBM 193 Extra"]
[Source "ChessBase"]
[SourceDate "2020.01.31"]
[SourceVersion "1"]
[SourceVersionDate "2020.01.31"]
[SourceQuality "1"]

1. c4 Nf6 2. g3 e6 3. Bg2 d5 4. Nf3 c5 5. 0-0 d4 6. e3 Nc6 7. exd4 cxd4 8. d3 Bd6 9. Bg5 h6 10. Bxf6 Qxf6 11. Nbd2 0-0 12. Ne4 Qe7 13. Nxd6 Qxd6 14. a3 a5 15. Rc1 a4 16. Nd2 f5 17. c5 Qe7 18. Bxc6 bxc6 19. Re1 Ra5 20. Rc4 Qb7 21. Rb4 Qa7 22. Nc4 Rxc5 23. Rxa4 Qb8 24. Qf3 e5 25. b4 Rd5 26. Ra5 e4 27. dxe4 fxe4 28. Qxe4 Qb7 29. Qe7 Rd7 30. Qe5 d3 31. Qe3 Rfd8 32. Nd2 Rf7 33. Re5 Bf5 34. Qc5 Bg6 35. Re6 Kh7 36. Qxc6 Qa7 37. Qb6 Qxb6 38. Rxb6 Ra7 39. Ree6 Bf5 40. Re5 Bh3 41. f3 Rxa3 42. Re1 Ra2 43. Rd1 Re8 44. Rd6 Re3 45. g4 h5 46. Ne4 Rg2+ 47. Kh1 Rxe4 48. fxe4 Rxg4 49. R6xd3 Bg2+ 50. Kg1 Bf3+ 51. Kf2 Bxd1 52. Rxd1 Rxe4 53. Rb1 Re6 54. b5 Rb6 55. Ke3 g5 56. Kd4 Kg6 57. Kc5 Rb8 58. Kc6 g4 59. b6 h4 60. Rb5 Kh6 61. b7 g3 62. hxg3 hxg3 1-0

[Event "Shropshire op"]
[Site "Telford"]
[Date "2018.01.07"]
[Round "4"]
[White "Cox, John J"]
[Black "Kalaiyalahan, Akshaya"]
[Result "1-0"]
[WhiteElo "2311"]
[BlackElo "2023"]
[PlyCount "87"]
[EventDate "2018.01.05"]
[EventType "swiss"]
[EventRounds "5"]
[EventCountry "ENG"]
[SourceTitle "CBM 182 Extra"]
[Source "ChessBase"]
[SourceDate "2018.02.23"]
[SourceVersion "1"]
[SourceVersionDate "2018.02.23"]
[SourceQuality "1"]

1. c4 Nf6 2. g3 g6 3. Bg2 Bg7 4. Nf3 0-0 5. 0-0 d6 6. Nc3 Nc6 7. d3 e5 8. Rb1 a5 9. a3 Re8 10. Bg5 h6 11. Bxf6 Bxf6 12. b4 axb4 13. axb4 Bg7 14. b5 Ne7 15. Nd2 e4 16. Qc2 e3 17. fxe3 Nf5 18. Rxf5 gxf5 19. Nd5 Bd7 20. b6 cxb6 21. Nxb6 Rb8 22. Nxd7 Qxd7 23. Nf1 Rec8 24. Rb6 d5 25. Qb3 dxc4 26. dxc4 Rc7 27. Bd5 Kh8 28. Kf2 Qe7 29. Qd3 Qd7 30. Nd2 Ra8 31. Nf3 Ra1 32. Nh4 f4 33. exf4 Qh3 34. Bg2 Rd7 35. Qe4 Qxh2 36. Nf3 Bd4+ 37. Qxd4+ Rxd4 38. Nxh2 Rxc4 39. Rxh6+ Kg7 40. Rb6 Rc2 41. Rxb7 Raa2 42. Bf3 Rab2 43. Re7 Kf6 44. Re5 1-0

[Event "Shropshire op"]
[Site "Telford"]
[Date "2018.01.06"]
[Round "2"]
[White "Cox, John J"]
[Black "Fallowfield, Jeremy"]
[Result "1/2-1/2"]
[WhiteElo "2311"]
[BlackElo "2071"]
[PlyCount "114"]
[EventDate "2018.01.05"]
[EventType "swiss"]
[EventRounds "5"]
[EventCountry "ENG"]
[SourceTitle "CBM 182 Extra"]
[Source "ChessBase"]
[SourceDate "2018.02.23"]
[SourceVersion "1"]
[SourceVersionDate "2018.02.23"]
[SourceQuality "1"]

1. c4 g6 2. g3 Bg7 3. Bg2 Nf6 4. Nf3 0-0 5. 0-0 d6 6. Nc3 e5 7. d3 h6 8. Rb1 a5 9. a3 Re8 10. b4 axb4 11. axb4 e4 12. Nxe4 Nxe4 13. dxe4 Rxe4 14. Nd2 Re8 15. Bb2 Bxb2 16. Rxb2 Qf6 17. Rb3 Nc6 18. e3 Ne5 19. Qc1 Ra2 20. Ra3 Rxa3 21. Qxa3 b6 22. Qa7 Qe7 23. Qa1 Be6 24. Qc3 Bf5 25. Ra1 Qf6 26. Ra3 h5 27. f4 Ng4 28. e4 Be6 29. Qxf6 Nxf6 30. Ra7 Re7 31. h3 Kf8 32. Kf2 c5 33. Ra6 cxb4 34. Rxb6 Ra7 35. Rxd6 Ra2 36. Ke3 Ra3+ 37. Rd3 Ra2 38. Bf1 Nd7 39. Rb3 Ra4 40. Kd4 Ra2 41. Ke3 Ra4 42. Kd4 Ra2 43. Nf3 Rf2 44. Ng5 Rxf1 45. Nxe6+ fxe6 46. Rxb4 Rd1+ 47. Ke3 Rc1 48. f5 exf5 49. exf5 gxf5 50. Kf4 Rc3 51. Rb5 Rxc4+ 52. Kxf5 Rc3 53. Ke6 Rxg3 54. Kxd7 Rxh3 55. Ke6 Re3+ 56. Kf5 h4 57. Kg4 Re4+ 1/2-1/2

[Event "London Classic rapid op"]
[Site "London"]
[Date "2017.12.09"]
[Round "2.2"]
[White "Mitra, Roman"]
[Black "Cox, John J"]
[Result "0-1"]
[WhiteElo "2100"]
[BlackElo "2311"]
[PlyCount "123"]
[EventDate "2017.12.09"]
[EventType "swiss (rapid)"]
[EventRounds "6"]
[EventCountry "ENG"]
[SourceTitle "CBM 182 Extra"]
[Source "ChessBase"]
[SourceDate "2018.02.23"]
[SourceVersion "1"]
[SourceVersionDate "2018.02.23"]
[SourceQuality "1"]

1. e4 e6 2. e5 d6 3. exd6 cxd6 4. d4 Nf6 5. Nf3 Nc6 6. Bb5 Be7 7. 0-0 0-0 8. Re1 Qc7 9. c3 a6 10. Ba4 b5 11. Bc2 Bb7 12. Nbd2 Rfe8 13. Nf1 e5 14. Ng3 g6 15. Bg5 Ng4 16. Bxe7 Qxe7 17. Qd2 Na5 18. h3 Nc4 19. Qc1 Bxf3 20. gxf3 Nf6 21. f4 Rad8 22. b3 Nb6 23. fxe5 dxe5 24. Rxe5 Qc7 25. Qg5 Qxc3 26. Rae1 Qxe1+ 27. Rxe1 Rxe1+ 28. Kg2 Nbd5 29. Ne4 Kg7 30. b4 Re8 31. Nd6 R8e6 32. Nf5+ Kh8 33. Ng3 Rd6 34. Bb3 Re8 35. a3 Kg8 36. Nf5 Rdd8 37. Ng3 Kh8 38. h4 Rd6 39. Kh2 Red8 40. Qe5 Kg8 41. Qg5 Kh8 42. Qe5 Re6 43. Qg5 Rd7 44. h5 gxh5 45. f3 h4 46. Nf5 Ne8 47. Nxh4 f6 48. Qg4 Ng7 49. Kh3 Rdd6 50. Nf5 Nxf5 51. Qxf5 Ne7 52. Qc5 Rc6 53. Bxe6 Rxc5 54. dxc5 f5 55. Bd7 Kg7 56. c6 Nd5 57. Bxf5 Kf6 58. Be4 Nc7 59. Bxh7 Ke5 60. Kg3 Kd6 61. Be4 Ne6 62. f4 0-1

[Event "BCF-chT1a 1617 (4NCL)"]
[Site "England"]
[Date "2017.03.04"]
[Round "7.26"]
[White "Cox, John J"]
[Black "Evans, Craig"]
[Result "1-0"]
[WhiteElo "2325"]
[BlackElo "1997"]
[PlyCount "51"]
[EventDate "2016.11.19"]
[EventType "team-tourn"]
[EventRounds "7"]
[EventCountry "ENG"]
[SourceTitle "EXT 2018"]
[Source "ChessBase"]
[SourceDate "2017.10.13"]
[SourceVersion "1"]
[SourceVersionDate "2017.10.13"]
[SourceQuality "1"]
[WhiteTeam "Barbican"]
[BlackTeam "Celtic Tigers"]
[WhiteTeamCountry "ENG"]
[BlackTeamCountry "ENG"]

1. c4 e6 2. Nf3 Nf6 3. Nc3 Bb4 4. g3 0-0 5. Bg2 d5 6. d4 dxc4 7. 0-0 c6 8. Ne5 c5 9. dxc5 Qc7 10. Nxc4 Bxc5 11. Qb3 Nc6 12. Be3 Bxe3 13. Nxe3 Qe5 14. Rfd1 Qh5 15. Bf3 Qh6 16. Ne4 Ne5 17. Bg2 Nfg4 18. Nxg4 Nxg4 19. h3 Ne5 20. Rac1 Rb8 21. Rc7 a6 22. Qb6 f5 23. Nd6 Ra8 24. f4 Nd7 25. Qe3 e5 26. Qb3+ 1-0

[Event "Shropshire op"]
[Site "Telford"]
[Date "2017.01.07"]
[Round "2"]
[White "Okhai, Shabir"]
[Black "Cox, John J"]
[Result "0-1"]
[WhiteElo "2079"]
[BlackElo "2316"]
[PlyCount "94"]
[EventDate "2017.01.06"]
[EventType "swiss"]
[EventRounds "5"]
[EventCountry "ENG"]
[SourceTitle "CBM 176 Extra"]
[Source "ChessBase"]
[SourceDate "2017.03.02"]
[SourceVersion "1"]
[SourceVersionDate "2017.03.02"]
[SourceQuality "1"]

1. e4 e5 2. Nf3 Nc6 3. Bc4 Nf6 4. d3 Be7 5. 0-0 0-0 6. Re1 d6 7. a4 Na5 8. Ba2 c5 9. Bd2 Nc6 10. c3 h6 11. h3 a6 12. Na3 Rb8 13. Nc2 Be6 14. Bxe6 fxe6 15. d4 c4 16. Na3 b5 17. b3 exd4 18. cxd4 c3 19. Bf4 b4 20. Nc4 Na5 21. Nxa5 Qxa5 22. Bxd6 Bxd6 23. e5 Qd5 24. exd6 Qxd6 25. Qe2 Rfe8 26. Qe5 Rbd8 27. Qxd6 Rxd6 28. Kf1 Nd5 29. Re4 Ne7 30. Ke2 Nc6 31. Kd3 e5 32. Rae1 Red8 33. R1e2 exd4 34. Nh4 Na5 35. Nf5 R6d7 36. Re8+ Kh7 37. Rxd8 Rxd8 38. Re7 Nxb3 39. Rxg7+ Kh8 40. Rc7 Na1 41. Nxh6 Rb8 42. Ng4 Rb6 43. a5 Re6 44. Kxd4 c2 45. Kd5 Rg6 46. f4 b3 47. f5 Rxg4 0-1